| 000 | 01671cam a2200337 a 4500 | ||
|---|---|---|---|
| 999 |
_c234606 _d234606 |
||
| 001 | 13993505 | ||
| 003 | Nust | ||
| 005 | 20170327132710.0 | ||
| 008 | 050607s2005 nyua 000 0aeng | ||
| 010 | _a 2005016215 | ||
| 020 | _a9780007228003 | ||
| 035 | _a(OCoLC)ocm60605191 | ||
| 040 |
_aDLC _cDLC _dIG# _dBAKER _dCD5 _dJFN _dVP@ _dBUR _dDLC |
||
| 043 | _an-us--- | ||
| 050 | 0 | 0 |
_aPS3569.H3927 _bZ47 2005 |
| 082 | 0 | 0 |
_a813.54 _bSHE |
| 100 | 1 | _aSheldon, Sidney. | |
| 245 | 1 | 4 |
_aThe other side of me / _cSidney Sheldon. |
| 250 | _a1st ed. | ||
| 260 |
_aNew York : _bWarner Books, _c2005. |
||
| 300 |
_a369 p. : _bill. ; _c24 cm. |
||
| 520 | _a"Memoir of entertainment legend Sidney Sheldon, now 88 years old, an Academy Award-winning screenwriter and creator of many television hits"--Provided by publisher. | ||
| 600 | 1 | 0 | _aSheldon, Sidney. |
| 650 | 0 |
_aNovelists, American _y20th century _vBiography. |
|
| 650 | 0 | 0 |
_aTelevision writers _zUnited States _vBiography. |
| 650 | 0 |
_aScreenwriters _zUnited States _vBiography. |
|
| 906 |
_a7 _bcbc _corignew _d1 _eecip _f20 _gy-gencatlg |
||
| 942 |
_2ddc _cBK |
||